Gold Pack již podesáté

Informácie o 10. ročníku prestížnej súťaže Gold Pack. Do súťaže bolo prihlásených 19 exponátov od 12 firiem. Ocenené obaly, ktoré budú mať právo byť označené logom Gold Pack.

Gespeichert in:
Bibliographische Detailangaben
1. Verfasser: Kačeňák, Igor
Format: Buchkapitel
Sprache:Slowakisch
Tschechisch
Schlagworte:
Tags: Tag hinzufügen
Keine Tags, Fügen Sie das erste Tag hinzu!

MARC

LEADER 00000naa$a2200000$$$4500
001 0092423
005 20240502083234.9
041 0 |a slo 
041 0 |a cze 
044 |a CZ 
245 1 0 |a Gold Pack již podesáté  |c Igor Kačeňák 
520 |a Informácie o 10. ročníku prestížnej súťaže Gold Pack. Do súťaže bolo prihlásených 19 exponátov od 12 firiem. Ocenené obaly, ktoré budú mať právo byť označené logom Gold Pack. 
610 2 0 |a obaly 
610 2 0 |a technika obalová 
610 2 0 |a súťaže 
610 2 0 |a firmy 
100 1 |a Kačeňák, Igor